000 00618nam a22002177a 4500
003 UA-OsUOA
001 117007
007 ta
008 20160420b un ||||| |||| 00| 0 ukr d
100 _aНежива Л.
090 _a82
_bН43
942 _cSA
040 _aUA-OsUOA
_bukr
_cUA-OsUOA
_dUA-OsUOA
245 _a"Казки для дорослих": сюрреалізм у шкільній літературній освіті
300 _aС.50-56
955 _a0
041 _aukr
080 _a82
773 0 _w117004
650 7 _a82 Література. Літературознавство
_2UDC
999 _c402986
_d402986